01196cam a2200241 p 450000100060000000300080000600500170001400800410003103500190007204000320009104100110012308200220013410000390015624501740019526000640036930000210043350002420045465000190069671000630071594200120077899900170079095201470080732185BD-RjUL20211209051811.0140424s1973 ja 000 0 eng d a(BD-RjUL)32274 aDLCcDLCdDLCdBD-RjULbeng1 aengjpn00a299.561bKAH 19731 aKatō, Genchi,d1873-1965.99795212aA historical study of the religious development of Shintō /cby Genchi Katō ; translated by Shōyū Hanayama ; compiled by Japanese National Commission for Unesco. aTokyo :bJapan Society for the Promotion of Science,c1973. a182 p. ;c25 cm. a"Translation of the Second stage of Shinto development in ... A historical study of the religious development of Shinto [i.e. Shintō no shūkyō hattatsu shiteki Kenkyū] and it is about one third of the whole body in its quantity." 0aShinto.9715661 aJapan.bMombushō.bNihon Yunesuko Kokunai Iinkai.997953 2ddccBK c32185d32185 00102ddc40718NFICaRUCLbRUCLcReadingd1979-04-26eJapan foundationg0.00l0o299.561 KAH 1973r2014-04-24 00:00:00tC-1w2014-04-24yBK